| 000 | 00764nam a2200289Ia 4500 | ||
|---|---|---|---|
| 001 | 13311 | ||
| 003 | IT-RoPAU | ||
| 008 | 130308s9999 xx 000 0 und d | ||
| 040 | _aIT-RoPAU | ||
| 040 | _cIT-RoPAU | ||
| 041 | _aITALIANO | ||
| 100 | _aPannain Guido | ||
| 100 | _gCodice Aut. SPICS: 2912 | ||
| 245 | _aIdea di classicismo nella musica contemporanea (L') | ||
| 245 | _bRassegna Musicale (La)-Antologia | ||
| 250 | _a1a ed. | ||
| 260 | _aMILANO | ||
| 260 | _bFeltrinelli | ||
| 260 | _c1966 [1° Ed.:1966 - Ed.Ling.Originale:1931] | ||
| 300 | _a"17 p. (prefazione: no ; testo: 17 [pagine: 159-175])" | ||
| 650 | _aSAGGI MUSICALI | ||
| 650 | _eCodice materia Spics: 7011 | ||
| 942 | _cBK | ||
| 957 | _71 | ||
| 999 |
_c59974 _d59974 |
||
| 999 | _bSI | ||
| 999 | _g1 | ||